| 000 | 00439nam a22001577a 4500 | ||
|---|---|---|---|
| 999 |
_c17558 _d17558 |
||
| 003 | OSt | ||
| 005 | 20221109152337.0 | ||
| 008 | 221107b ||||| |||| 00| 0 eng d | ||
| 040 | _c0 | ||
| 100 |
_aSimeon, Louise Maureen. _946671 |
||
| 245 | _aGov't hikes buying prices for tobacco leaves / | ||
| 260 |
_aPhilippines ; _cFebruary 11, 2020. _bThe Philippine Star, |
||
| 300 | _apage B8. | ||
| 650 |
_aBusiness. _946672 |
||
| 942 |
_2ddc _cPER |
||